Innovative strategies for reducing workplace accidents (Record no. 107873)
[ view plain ]
| 000 -LEADER | |
|---|---|
| fixed length control field | 01222cad a22002535a 4500 |
| 001 - CONTROL NUMBER | |
| control field | L142380 |
| 008 - FIXED-LENGTH DATA ELEMENTS--GENERAL INFORMATION | |
| fixed length control field | 080211s2007 xxk f 000 0 eng d |
| 020 ## - INTERNATIONAL STANDARD BOOK NUMBER | |
| International Standard Book Number | 9781842193570 |
| 035 ## - SYSTEM CONTROL NUMBER | |
| System control number | (Sirsi) u142380 |
| 041 0# - LANGUAGE CODE | |
| Language code of text/sound track or separate title | eng |
| 050 04 - LIBRARY OF CONGRESS CALL NUMBER | |
| Classification number | 353.96 $2 22 |
| 100 1# - MAIN ENTRY--PERSONAL NAME | |
| Personal name | Philips, Debbie |
| 245 00 - TITLE STATEMENT | |
| Title | Innovative strategies for reducing workplace accidents |
| Remainder of title | a case study approach |
| Medium | [electronic resource] |
| 260 ## - PUBLICATION, DISTRIBUTION, ETC. | |
| Place of publication, distribution, etc. | London |
| Name of publisher, distributor, etc. | RICS |
| Date of publication, distribution, etc. | 2007 |
| 490 #0 - SERIES STATEMENT | |
| Series statement | COBRA |
| Volume/sequential designation | 2007 |
| 520 ## - SUMMARY, ETC. | |
| Summary, etc. | Examines how workplace accidents can be reduced when a company fully integrates safety into its corporate culture, using the example of a US based real estate company. Examines the company's safety strategy in detail, and presents statistics on the number and types of claims, costs and information applicable to other companies within the construction industry. |
| 521 #2 - TARGET AUDIENCE NOTE | |
| Target audience note | Advanced |
| 651 #4 - SUBJECT ADDED ENTRY--GEOGRAPHIC NAME | |
| Geographic name | International |
| 690 ## - LOCAL SUBJECT ADDED ENTRY--TOPICAL TERM (OCLC, RLIN) | |
| Topical term or geographic name as entry element | BUILT ENVIRONMENT |
| 690 ## - LOCAL SUBJECT ADDED ENTRY--TOPICAL TERM (OCLC, RLIN) | |
| Topical term or geographic name as entry element | Health and safety |
| 9 (RLIN) | 6244 |
| 710 2# - ADDED ENTRY--CORPORATE NAME | |
| Corporate name or jurisdiction name as entry element | Construction and Building Research Conference |
| Location of meeting | Georgia Tech, Atlanta |
| Date of meeting or treaty signing | 6-7 September 2007 |
| 856 40 - ELECTRONIC LOCATION AND ACCESS | |
| Uniform Resource Identifier | <a href="https://www.rics.org/site/scripts/download_info.aspx?downloadID=3048">https://www.rics.org/site/scripts/download_info.aspx?downloadID=3048</a> |
| Public note | View the paper free of charge at www.rics.org... |
| 942 ## - ADDED ENTRY ELEMENTS (KOHA) | |
| Suppress in OPAC | 0 |
| Withdrawn status | Lost status | Source of classification or shelving scheme | Damaged status | Not for loan | Home library | Current library | Shelving location | Date acquired | Total Checkouts | Full call number | Barcode | Date last seen | Copy number | Price effective from | Koha item type |
|---|---|---|---|---|---|---|---|---|---|---|---|---|---|---|---|
| Dewey Decimal Classification | Virtual | Virtual | Online | 11/02/2008 | ONLINE PUBLICATION | 142380-2001 | 06/08/2019 | 1 | 06/08/2019 | Book |